Personality development in children : papers by Harold E. Jones ... [et al.] /

Bibliographic Details
Other Authors: Stevenson, Harold W. (Harold William), 1924-2005, Jones, Harold Ellis, 1894-1960
Format: Book
Language:English
Published: Austin : University of Texas Press, [1960]
Subjects:

MARC

Tag First Indicator Second Indicator Subfields
LEADER 00000cam a2200000 4500
001 in00000085844
005 20151008053314.0
008 720113s1960 txua 00010 eng
010 |a  60009514  
035 |a (OCoLC)0217763 
035 |9 AAH6995AM 
040 |a DLC  |c WSU  |d SER  |d m.c.  |d TXA  |d UtOrBLW 
049 |a TXAM  |c [1654911] 
050 0 0 |a BF721  |b  I84 
082 0 |a 136.73 
245 0 0 |a Personality development in children :  |b papers by Harold E. Jones ... [et al.] /  |c edited by Ira Iscoe and Harold W. Stevenson. 
264 1 |a Austin :  |b University of Texas Press,  |c [1960] 
264 4 |c ©1960 
300 |a viii, 171 pages :  |b illustrations ;  |c 22 cm. 
336 |a text  |b txt  |2 rdacontent 
337 |a unmediated  |b n  |2 rdamedia 
338 |a volume  |b nc  |2 rdacarrier 
650 0 |a Personality. 
650 0 |a Child development. 
700 1 |a Stevenson, Harold W.  |q (Harold William),  |d 1924-2005. 
700 1 |a Jones, Harold Ellis,  |d 1894-1960. 
999 |a MARS 
999 f f |s 4e583b0f-3d06-3050-abb9-a943b45bdd16  |i 29b004f0-548e-3c7e-8e81-7127229483ac  |t 0 
952 f f |p ric  |a Texas A&M University  |b Rellis Campus  |c Joint Library Facility  |s JLF  |d Remote Storage  |t 0  |e BF721 I84  |h Library of Congress classification  |i unmediated -- volume  |m A14806088192 
998 f f |a BF721 I84  |t 0  |l Remote Storage